How capital value rating adds up (Record no. 15891)

MARC details
000 -LEADER
fixed length control field 00870cab a2200205 4500
001 - CONTROL NUMBER
control field ABS40424
008 - FIXED-LENGTH DATA ELEMENTS--GENERAL INFORMATION
fixed length control field 090401t1989 xxu||||| |||| 00| 0 eng d
035 ## - SYSTEM CONTROL NUMBER
System control number (Sirsi) u23738
041 ## - LANGUAGE CODE
Language code of text/sound track or separate title eng
100 ## - MAIN ENTRY--PERSONAL NAME
Personal name Lizieri, C.
245 ## - TITLE STATEMENT
Title How capital value rating adds up
260 ## - PUBLICATION, DISTRIBUTION, ETC.
Date of publication, distribution, etc. 1989
350 ## - PRICE (NR) (BK AM CF MU VM SE) [OBSOLETE]
Price 0
490 ## - SERIES STATEMENT
Series statement Rating and Valuation Association Monthly
Volume/sequential designation February 1989, 42-54(3)
520 ## - SUMMARY, ETC.
Summary, etc. Summarises research at City University into the merits of capital value rating compared with the current rating system. The study indicates that a switch from rental values to capital values as a basis for rating would result in a local taxation system that is more redistributive in relation to property values, household income and regional economic well-being.
650 ## - SUBJECT ADDED ENTRY--TOPICAL TERM
Topical term or geographic name entry element RATING REFORM
690 ## - LOCAL SUBJECT ADDED ENTRY--TOPICAL TERM (OCLC, RLIN)
Topical term or geographic name as entry element RATING AND VALUATION
942 ## - ADDED ENTRY ELEMENTS (KOHA)
Suppress in OPAC 0
948 ## - LOCAL PROCESSING INFORMATION (OCLC); SERIES PART DESIGNATOR (RLIN)
c (OCLC) 04/03/1997
Holdings
Withdrawn status Lost status Source of classification or shelving scheme Damaged status Not for loan Home library Current library Shelving location Date acquired Total Checkouts Full call number Barcode Date last seen Copy number Price effective from Koha item type
    Dewey Decimal Classification     London London Journal article 14/09/1999   ABS40424 23738-1001 06/08/2019 1 06/08/2019 Journal article